000 00291nam a22001337a 4500
008 170414b xxu||||| |||| 00| 0 eng d
020 _a9781553658313
041 _aeng
080 _a612.39
100 _a10
101 _aSHM
245 _aHOW BAD ARE BANANAS
_cBRYSON, B
942 _2udc
_cBK
999 _c10824
_d10824